[Event "Mittelfranken-chTB2b 1112"]
[Site "Germany"]
[Date "2012.02.05"]
[Round "6.8"]
[White "Hetzner, Helmut"]
[Black "Kuhmann, Heinz"]
[Result "1-0"]
[WhiteElo "1792"]
[BlackElo "1615"]
[PlyCount "82"]
[EventDate "2011.09.25"]
[EventType "team-tourn"]
[EventRounds "9"]
[EventCountry "GER"]
[SourceTitle "EXT 2013"]
[Source "ChessBase"]
[SourceDate "2012.11.22"]
[SourceVersion "1"]
[SourceVersionDate "2012.11.22"]
[SourceQuality "1"]
[WhiteTeam "Muehlhof/Schwabach"]
[BlackTeam "Kirchehrenbach/Ebermannstadt"]
[WhiteTeamCountry "GER"]
[BlackTeamCountry "GER"]

1. e4 d5 2. exd5 Nf6 3. d4 Nxd5 4. c4 Nb4 5. a3 N4c6 6. Be3 Bf5 7. Nf3 Nd7 8. Be2 e6 9. 0-0 Be7 10. b4 a6 11. Qb3 0-0 12. Nc3 Bf6 13. Rad1 Qe8 14. Rd2 b6 15. Rfd1 Rc8 16. d5 exd5 17. cxd5 Nce5 18. Nxe5 Nxe5 19. Bxa6 Rb8 20. Re2 Bg4 21. f3 Nxf3+ 22. gxf3 Bxf3 23. Rde1 Qd7 24. Bf2 Qg4+ 25. Bg3 Bd4+ 26. Rf2 Qh3 27. Bf1 Qf5 28. Qc4 Bxf2+ 29. Bxf2 Rbe8 30. Rxe8 Rxe8 31. Qxc7 Bxd5 32. Nxd5 Qxd5 33. Qxb6 Qg5+ 34. Bg3 h5 35. Qf2 Re4 36. Bd3 Re7 37. Qf4 Qxf4 38. Bxf4 Re1+ 39. Kf2 Ra1 40. b5 Rxa3 41. b6 Rb3 1-0

[Event "Erlangen op 18th"]
[Site "Erlangen"]
[Date "2003.??.??"]
[Round "4"]
[White "Kuhmann, Heinz"]
[Black "Meyer, Sandra"]
[Result "1/2-1/2"]
[WhiteElo "1580"]
[BlackElo "1338"]
[PlyCount "51"]
[EventDate "2003.11.??"]
[EventType "swiss"]
[EventRounds "5"]
[EventCountry "GER"]
[SourceTitle "EXT 2005"]
[Source "ChessBase"]
[SourceDate "2004.11.15"]
[SourceVersion "1"]
[SourceVersionDate "2004.11.15"]
[SourceQuality "1"]

1. b4 d5 2. Bb2 Bf5 3. e3 e6 4. Nf3 Nf6 5. a3 Bd6 6. Be2 0-0 7. 0-0 Nbd7 8. d3 c5 9. b5 Qc7 10. c4 Ne5 11. Nxe5 Bxe5 12. Bxe5 Qxe5 13. Nd2 Rad8 14. Nf3 Qd6 15. Nh4 dxc4 16. dxc4 Qxd1 17. Raxd1 Bc2 18. Rc1 Bd3 19. Rfe1 b6 20. Nf3 Be4 21. Ne5 Nd7 22. Nxd7 Rxd7 23. f3 Bb7 24. Rcd1 Rfd8 25. Rxd7 Rxd7 26. Rd1 1/2-1/2

[Event "Erlangen op 18th"]
[Site "Erlangen"]
[Date "2003.??.??"]
[Round "2"]
[White "Kuhmann, Heinz"]
[Black "Schweiger, Hashem"]
[Result "1-0"]
[WhiteElo "1580"]
[BlackElo "1301"]
[PlyCount "65"]
[EventDate "2003.11.??"]
[EventType "swiss"]
[EventRounds "5"]
[EventCountry "GER"]
[SourceTitle "EXT 2005"]
[Source "ChessBase"]
[SourceDate "2004.11.15"]
[SourceVersion "1"]
[SourceVersionDate "2004.11.15"]
[SourceQuality "1"]

1. b4 d5 2. Bb2 Nf6 3. e3 g6 4. a3 Bg7 5. Nf3 0-0 6. Be2 b6 7. 0-0 Bb7 8. d3 Nbd7 9. Nbd2 c5 10. c4 Qc7 11. Rc1 e5 12. cxd5 Nxd5 13. bxc5 bxc5 14. d4 Qb6 15. Nc4 Qe6 16. Ncxe5 Rac8 17. Nxd7 Qxd7 18. Ne5 Qd6 19. dxc5 Rxc5 20. Rxc5 Bxe5 21. Bd4 Re8 22. f4 Bxd4 23. Qxd4 Qe6 24. Bc4 Qxe3+ 25. Qxe3 Nxe3 26. Re1 Re4 27. Bb3 Nxg2 28. Rxe4 Bxe4 29. Rc7 Nxf4 30. Rxa7 Nh3+ 31. Kf1 h5 32. Rxf7 Bf5 33. Rxf5+ 1-0

[Event "Nuremberg Zabo op 04th"]
[Site "Nuremberg"]
[Date "2002.09.28"]
[Round "3"]
[White "Kuhmann, Heinz"]
[Black "Petersammer, Georg"]
[Result "0-1"]
[WhiteElo "1637"]
[BlackElo "1811"]
[PlyCount "58"]
[EventDate "2002.09.27"]
[EventType "swiss"]
[EventRounds "5"]
[EventCountry "GER"]
[SourceTitle "EXT 2003"]
[Source "ChessBase"]
[SourceDate "2002.11.25"]
[SourceVersion "1"]
[SourceVersionDate "2002.11.25"]
[SourceQuality "1"]

1. b4 Nf6 2. Bb2 e6 3. a3 d5 4. e3 Be7 5. Nf3 Nbd7 6. Be2 0-0 7. 0-0 c6 8. d3 a5 9. bxa5 Rxa5 10. Nbd2 b5 11. c4 bxc4 12. dxc4 Qb6 13. Nb3 Ra8 14. Qc2 Rb8 15. Bxf6 Bxf6 16. Rab1 Qa7 17. Nbd4 Bb7 18. cxd5 cxd5 19. Nb5 Qa5 20. a4 Rfc8 21. Qd1 Ba6 22. Nfd4 Nc5 23. Re1 Ne4 24. Rc1 Rxc1 25. Qxc1 Qxa4 26. Qc7 Rf8 27. f3 Rc8 28. Qf4 Bg5 29. Qg4 Bxe3+ 0-1

[Event "Nuremberg Zabo op 04th"]
[Site "Nuremberg"]
[Date "2002.09.28"]
[Round "2"]
[White "Kuhmann, Heinz"]
[Black "Weidenhoefer, Robert"]
[Result "1-0"]
[WhiteElo "1637"]
[BlackElo "1380"]
[PlyCount "75"]
[EventDate "2002.09.27"]
[EventType "swiss"]
[EventRounds "5"]
[EventCountry "GER"]
[SourceTitle "EXT 2003"]
[Source "ChessBase"]
[SourceDate "2002.11.25"]
[SourceVersion "1"]
[SourceVersionDate "2002.11.25"]
[SourceQuality "1"]

1. b4 e5 2. Bb2 d6 3. c4 Bf5 4. e3 Nd7 5. Nf3 Be7 6. Be2 Ngf6 7. 0-0 0-0 8. d3 e4 9. Nd4 exd3 10. Nxf5 dxe2 11. Qxe2 Ne5 12. Nd2 Qd7 13. Nxe7+ Qxe7 14. Nf3 Nfg4 15. Nxe5 Nxe5 16. Rac1 c5 17. a3 Qe6 18. f4 Nc6 19. b5 Ne7 20. Qf3 Qd7 21. e4 f6 22. Rcd1 Qc7 23. Rd2 Rad8 24. Rfd1 Nc8 25. Qc3 Nb6 26. Qd3 Rd7 27. Qc2 Rfd8 28. g3 Nc8 29. a4 Re7 30. e5 fxe5 31. fxe5 Rde8 32. exd6 Nxd6 33. Rxd6 Re1+ 34. Rxe1 Rxe1+ 35. Kf2 Qxd6 36. Kxe1 b6 37. Qc3 Qe6+ 38. Qe5 1-0

[Event "Nuremberg Zabo op 04th"]
[Site "Nuremberg"]
[Date "2002.09.27"]
[Round "1"]
[White "Heyne, Martin"]
[Black "Kuhmann, Heinz"]
[Result "1-0"]
[WhiteElo "2218"]
[BlackElo "1637"]
[PlyCount "85"]
[EventDate "2002.09.27"]
[EventType "swiss"]
[EventRounds "5"]
[EventCountry "GER"]
[SourceTitle "EXT 2003"]
[Source "ChessBase"]
[SourceDate "2002.11.25"]
[SourceVersion "1"]
[SourceVersionDate "2002.11.25"]
[SourceQuality "1"]

1. f4 d5 2. Nf3 Nc6 3. g3 e6 4. Bg2 Nge7 5. 0-0 Nf5 6. d4 b6 7. c4 Ncxd4 8. Nxd4 Nxd4 9. e3 Nc6 10. cxd5 exd5 11. Bxd5 Bb7 12. Nc3 Bd6 13. Qf3 Qd7 14. b3 0-0 15. Bb2 Rab8 16. Rfd1 Nd8 17. Kh1 c6 18. Bc4 Qe7 19. Ne4 Bc7 20. Kg1 Bc8 21. a4 Bf5 22. Nf2 Re8 23. e4 Bxe4 24. Qc3 Qf8 25. Rd7 b5 26. axb5 cxb5 27. Bxf7+ Nxf7 28. Rxc7 Bd5 29. b4 Bc4 30. h4 Re2 31. h5 h6 32. Re1 Rxe1+ 33. Qxe1 a6 34. Qc3 Rd8 35. g4 Re8 36. g5 hxg5 37. h6 gxf4 38. Qxg7+ Qxg7+ 39. hxg7 Ne5 40. Ne4 Nf3+ 41. Kf2 Rxe4 42. Kxf3 Re2 43. Rc8+ 1-0

[Event "Nuremberg Zabo op 03rd"]
[Site "Nuremberg"]
[Date "2001.09.21"]
[Round "1"]
[White "Kuhmann, Heinz"]
[Black "Rabe, Thomas"]
[Result "0-1"]
[WhiteElo "1647"]
[BlackElo "2005"]
[PlyCount "132"]
[EventDate "2001.09.21"]
[EventType "swiss"]
[EventRounds "5"]
[EventCountry "GER"]
[SourceTitle "EXT 2003"]
[Source "ChessBase"]
[SourceDate "2002.11.25"]
[SourceVersion "1"]
[SourceVersionDate "2002.11.25"]
[SourceQuality "1"]

1. b4 Nf6 2. Bb2 g6 3. c4 Bg7 4. e3 0-0 5. Nf3 d6 6. Be2 e5 7. d3 Nc6 8. b5 Ne7 9. 0-0 Nd7 10. Nbd2 f5 11. Ng5 Nf6 12. f4 h6 13. Nh3 Nd7 14. e4 c6 15. a4 Nc5 16. fxe5 dxe5 17. Nf2 Ne6 18. Nf3 Qc7 19. Rb1 Rd8 20. Qc1 Nf4 21. Qc2 cxb5 22. axb5 Be6 23. g3 Nxe2+ 24. Qxe2 f4 25. gxf4 exf4 26. Bxg7 Kxg7 27. Qb2+ Kh7 28. Qe5 Qxe5 29. Nxe5 g5 30. Rbd1 Ng6 31. Nfg4 h5 32. Nf6+ Kh6 33. Nxg6 Kxg6 34. Nd5 Bxd5 35. exd5 a5 36. h4 b6 37. hxg5 Kxg5 38. Rf2 Rf8 39. Re1 Rae8 40. Rfe2 Rxe2 41. Rxe2 Kf5 42. Re6 Rf6 43. Re4 Rg6+ 44. Kh2 a4 45. c5 bxc5 46. Rxa4 Rb6 47. Rc4 Rxb5 48. d6 Ke6 49. Rxf4 Kxd6 50. Rh4 Kd5 51. Kg3 Rb3 52. Kf2 Rxd3 53. Ke2 c4 54. Rxh5+ Kd4 55. Rh8 Kc3 56. Rc8 Rd7 57. Rc6 Kb3 58. Rb6+ Kc2 59. Ke3 c3 60. Rc6 Kb2 61. Rb6+ Kc1 62. Rc6 c2 63. Ke2 Rd2+ 64. Ke1 Rh2 65. Kf1 Rh3 66. Ke2 Kb2 0-1